| 000 | 01077nam a22002771c 4500 | ||
|---|---|---|---|
| 001 | 873135741 | ||
| 003 | RU-10907106 | ||
| 005 | 20220914150940.0 | ||
| 008 | 170801s2016 gw |||| 000u ger d | ||
| 020 |
_a9783428148677 _9978-3-428-14867-7 |
||
| 040 |
_cRU-10907106 _aRU-10907106 _bger |
||
| 041 | _ager | ||
| 100 | 1 |
_aSchulmeister-André, Irina _913973 |
|
| 245 | 0 | 0 |
_aInternationale Strafgerichtsbarkeit unter sowjetischem Einfluss : _bder Beitrag der UdSSR zum Nürnberger Hauptkriegsverbrecherprozess / _cvon Irina Schulmeister-André |
| 264 |
_aBerlin : _bDuncker & Humblot, _c2016 |
||
| 300 | _a580 Seiten | ||
| 650 | 0 |
_aKriegsverbrecherprozess _91809 |
|
| 650 | 0 |
_aNürnberger Prozesse _92187 |
|
| 650 | 0 |
_aRechtswissenschaft _913974 |
|
| 650 | 0 |
_aRegierung _99671 |
|
| 651 | 0 |
_aSowjetunion _9127 |
|
| 776 | 0 | 8 |
_iErscheint auch als _nE-Book Ausgabe _tInternationale Strafgerichtsbarkeit unter sowjetischem Einfluss _wEBC4932876 |
| 942 |
_cMG _2z |
||
| 999 |
_c32876 _d32876 |
||
| 490 | 0 |
_aBeiträge zum Internationalen und Europäischen Strafrecht _v27 |
|
| 530 | _aAuch als E-Book vorhanden | ||